Quiz o Manchesterze City - Statystyki

Ogólne statystyki
  • Ten quiz został rozwiązany 28 razy
    7 od ostatniego zresetowania
  • Średni wynik to 9 z 15
Statystyki odpowiedzi
Zagadnienie Odpowiedź % Poprawnych
Jaki jest najdroższy transfer przychodzący w historii Man City? Jack Grealish
100%
Kto strzelił najwięcej bramek w barwach Man City? Sergio Kun Aguero
100%
W którym roku Manchester City zdobył swój jedyny puchar Ligi Mistrzów 2023
86%
Jak się nazywa obecny stadion Manchesteru City? Etihad Stadium
86%
Jaki jest przydomek Man City? Obywatele
86%
Trener City od 1 lutego 2016? Pep Guardiola
86%
Jakie jest najwyższe zwycięstwo w historii Manchesteru City? 10:1 przeciwko Huddesrsfield Town
71%
Przeciwko komu został strzelony słynny gol 93:20, dzięki któremu City wygrało mistrzostwo Anglii wygrywając różnicą bramek z rywalem zza miedzy - Manchesterem United Queens Park Rangers
71%
Kto jest najdłużej stażem w obecnej drużynie Manchesteru City? John Stones
57%
Kto jest najstarszym strzelcem bramki w historii Arsenalu? Stuart Pearce
57%
Jaki jest najdroższy transfer wychodzący w historii Manchesteru City? Julian Alvarez
43%
Jaki jest najmłodszy debiutant w historii City? Glyn Pardoe
29%
Jaki jest najstarszy zawodnik, który wystąpił w koszulce Manchesteru City? Billy Meredith
14%
Kto jest najmłodszym strzelcem bramki w historii City? Rony Lopes
14%
Kto rozegrał najwięcej meczy w barwach Manchesteru City? Joe Corrigan
0%
Nie znaleziono quizów pasujących do podanych kryteriów
Rozkład punktacji
Procent ludzi z każdym wynikiem
Percentyl według liczby udzielonych odpowiedzi
Twoja historia wyników
Nie rozwiązałeś tego quizu od ostatniego zresetowania